Ultimate Percy Jackson Quiz - Statistics

General Stats
  • This quiz has been taken 9,869 times
    9,405 since last reset
  • The average score is 54 of 99
Answer Stats
Clue Answer % Correct
Title of Percy Jackson and the Olympians Book 1 The Lightning Thief
94%
Title of Percy Jackson and the Olympians Book 2 The Sea of Monsters
94%
Author of Percy Jackson and the Olympians Rick Riordan
89%
Main Character Percy Jackson
88%
Title of Percy Jackson and the Olympians Book 3 The Titan's Curse
87%
Roman Form Neptune
86%
Non-Godly Parent Sally Jackson
86%
Main Character's Half-Brother Tyson
86%
Godly Parent Poseidon
85%
Title of Percy Jackson and the Olympians Book 5 The Last Olympian
85%
Godly Parent Athena
84%
Species Cyclops
84%
Main Character's Girlfriend Annabeth Chase
83%
Satyr Friend Grover Underwood
83%
Author of The Heroes of Olympus Rick Riordan
83%
Title of The Heroes of Olympus Book 2 The Son of Neptune
83%
Title of The Heroes of Olympus Book 1 The Lost Hero
82%
Title of The Heroes of Olympus Book 3 The Mark of Athena
82%
Praetor of Camp Jupiter Taken by Hera Jason Grace
79%
Title of Percy Jackson and the Olympians Book 4 The Battle of the Labyrinth
79%
Title of The Heroes of Olympus Book 4 The House of Hades
79%
God(dess) Of Wisdom, Battle Strategy
79%
Species Pegasus or Hellhound
78%
Currently a Hunter of _____ Artemis
77%
Main Character's "Pet" Blackjack or Mrs. O'Leary
76%
Godly Parent Jupiter
76%
Godly Parent Zeus
76%
This Character is on a Quest to find the lost God ___________. The quest is accomplished in Percy Jackson and the Olympians Book 4 Pan
75%
Previous Character's Sister Thalia Grace
75%
Roman Form Minerva
74%
God(dess) Of Sky, King of Gods, Lightning
74%
2nd Non-Godly Step-Parent Paul Blofis
73%
1st Non-Godly Step-Parent Gabe Ugliano
70%
Other Praetor of Camp Jupiter (full name not required :D) Reyna Avila Ramírez-Arellano
70%
One of the Demigods of the Prophecy of Seven (The Other Male Greek One) Leo Valdez
69%
Favorite Food Tin Cans/Enchiladas
69%
Roman Form Diana
65%
Currently the Queen of the _____ Amazons
64%
Title of The Heroes of Olympus Book 5 The Blood of Olympus
64%
God(dess) of War
63%
Godly Parent Hephaestus
62%
Godly Parent Mars
62%
God(dess) Of Forge, Fire
61%
Roman Form Vulcan
60%
One of the Demigods of the Prophecy of Seven (The Other Male Roman One) Frank Zhang
59%
Godly Parent Pluto
59%
Godly Parent Aphrodite
57%
God(dess) of Love, Beauty
56%
God(dess) of Underworld, Dead, Riches
56%
Instructor at Camp Half Blood Chiron
55%
Godly Parent Hades
54%
One of the Demigods of the Prophecy of Seven (The Other Female Greek One) Piper Mclean
54%
This "animal" was a _________ Mechanical Dragon
53%
One of the Demigods of the Prophecy of Seven (The Female Roman One) Hazel Levesque
52%
Male Demigod Found During the Titan's Curse; Plays Cruscial Role at the end of The Mark of Athena Nico di Angelo
52%
What happened to this Character in Alaska When She Was With Her Mom? She Died
52%
Godly Parent Bellona
51%
Previous Character's Sister Bianca di Angelo
51%
Roman Form Venus
51%
This Character's Special Power Charmspeak
50%
This Character was upset after what "animal" died Festus
47%
Godly Parent Hermes
46%
Previous Character's Sister Hylla
46%
Also a Descendant of the God of the _____ Sea
45%
This Character is the Creator of the ________ Argo II
44%
Guardian of the Undeworld (Similar Name to Previous Character) Charon
44%
This Character Dies in The Titan's Curse "One Will Perish at their Fater's Hand" Zoe Nightshade
43%
Kronos' Host Luke
42%
Camp Half-Blood's Oracle Rachel Elizabeth Dare
41%
This Character's "Pet" Horse Arion
38%
Non-Godly Parent Frederick Chase
37%
This Character can see through the ________ Mist
36%
God(dess) of Travel, Thieves
36%
Camp Jupiter's Augur Octavian
33%
This gift is given by the god(dess) _______ Apollo
32%
This character cuts up ________ Stuffed Animals
32%
Who is the Lighting Thief? Luke Castellan
30%
Godly Parent Ares
28%
Who does the main character meet on an island (daughter of Atlas) in the Battle of the Labrynth? Calypso
28%
Previous Answer (god(dess)) likes to write poems. Which kind does he like to write the most? Haikus
28%
What do they get in the Sea of Monsters? Golden Fleece
27%
Who is the Last Olympian? Hestia
27%
Who is the Son of Neptune? Percy Jackson
27%
Main Character's Arch Enemy Clarisse La Rue
25%
Previous Two Characters both have the gift of ________ Prophecy
25%
Who created the Labrynth that was seen in the Battle of the Labrynth? Daedulus
23%
Who must withstand the Titan's Curse (normally)? Atlas
22%
Who is the Lost Hero? Percy Jackson
22%
How many heroes' blood (Blood of Olympus) does Gaea need in order to succeed? 2
20%
Who is the main guardian of the prize that awaits a Daughter of Athena as shown in the Mark of Athena? Arachne
20%
Who closes the Doors of Death at the Tartarus side of the House of Hades? Iapetus (Bob)
18%
What is the name of the series by the same author that features Egyptian Gods? The Kane Chronicles
18%
Main Character's Role Model (Well Maybe Not So Much After The Mark of Athena) Hercules
16%
Greek From Heracles
15%
What mythology does the author plan to feature in his next book series (1st book to be released in 2015)? Norse Mythology
15%
What is the title of book 1 in the answer to the previous question? The Red Pyramid
10%
Book 3? The Serpent's Shadow
6%
Book 2? The Throne of Fire
6%
What is the title of the short story crossover featuring the two series combined? The Son of Sobek
3%
No matching quizzes found
Score Distribution
Percent of People with Each Score
Percentile by Number Answered
Your Score History
You have not taken this quiz since the last reset